<?xml version="1.0" encoding="UTF-8"?>
<record
    xmlns:xsi="http://www.w3.org/2001/XMLSchema-instance"
    xsi:schemaLocation="http://www.loc.gov/MARC21/slim http://www.loc.gov/standards/marcxml/schema/MARC21slim.xsd"
    xmlns="http://www.loc.gov/MARC21/slim">

  <leader>02348nam a22002777a 4500</leader>
  <controlfield tag="003">DO-SdBNP</controlfield>
  <controlfield tag="005">20210408141242.0</controlfield>
  <controlfield tag="008">210303b 2000 dr  0 spa d</controlfield>
  <datafield tag="020" ind1=" " ind2=" ">
    <subfield code="a">9993400483</subfield>
  </datafield>
  <datafield tag="040" ind1=" " ind2=" ">
    <subfield code="a">BPMSU</subfield>
    <subfield code="c">spa</subfield>
    <subfield code="d">BPMSU</subfield>
  </datafield>
  <datafield tag="082" ind1=" " ind2=" ">
    <subfield code="a">923.77295 </subfield>
    <subfield code="b">H831H</subfield>
    <subfield code="2">22</subfield>
  </datafield>
  <datafield tag="100" ind1="1" ind2=" ">
    <subfield code="a">Hostos,Bayo&#xE1;n Lautaro de</subfield>
    <subfield code="d">1885-1960</subfield>
  </datafield>
  <datafield tag="245" ind1=" " ind2=" ">
    <subfield code="a">Eugenio Mar&#xED;a de Hostos, Intimo /</subfield>
    <subfield code="c">Boyo&#xE1;n Lautero de Hostos</subfield>
  </datafield>
  <datafield tag="246" ind1="1" ind2="3">
    <subfield code="a">Intimo </subfield>
  </datafield>
  <datafield tag="250" ind1=" " ind2=" ">
    <subfield code="a">2a. ed.</subfield>
  </datafield>
  <datafield tag="260" ind1=" " ind2=" ">
    <subfield code="a">Santo Domingo :</subfield>
    <subfield code="b">Librer&#xED;a la Trinitaria, </subfield>
    <subfield code="c">2000.</subfield>
  </datafield>
  <datafield tag="300" ind1=" " ind2=" ">
    <subfield code="a">156 p.;</subfield>
    <subfield code="c">23 cm.</subfield>
  </datafield>
  <datafield tag="500" ind1=" " ind2=" ">
    <subfield code="a">Incluye datos biogr&#xE1;ficos del autor en la solapa de la cubierta </subfield>
  </datafield>
  <datafield tag="500" ind1=" " ind2=" ">
    <subfield code="a"> </subfield>
  </datafield>
  <datafield tag="500" ind1=" " ind2=" ">
    <subfield code="a"> </subfield>
  </datafield>
  <datafield tag="505" ind1=" " ind2=" ">
    <subfield code="a">Pr&#xF3;logo: El papel de los intelectuales de nuevo sobre el tapete -- Palabras liminare -- I. An&#xE9;cdota de las minas de Oraya, Per&#xFA; --  An&#xE9;cdota de Meri&#xF1;o, Santo Domingo -- An&#xE9;cdota de Carranza, Santo Domiogo -- .An&#xE9;cdota de la Biblioteca de San Carlos, Santo Domingo --. An&#xE9;cdota de la Escuela Normal de Santo Domingo --  An&#xE9;cdota de Belinda Avala se Hostos, Santo Domingo -- An&#xE9;cdota de Mar&#xED;a Angelina de Hostos, Santo Domingo --  An&#xE9;cdota de la Ley de Ense&#xF1;anza P&#xFA;blica, Santo Domingo -- An&#xE9;cdota del juego de azar, Chile, Santiago de Chile --  An&#xE9;cdota del discurso dela Alameda de las Delicias, Santiago de Chile -- An&#xE9;cdota de Jarabacoa, Santo Domingo --  An&#xE9;cdota del Club Santiago, Sgo. de Chile -- An&#xE9;cdota de Adolfo y Bayoan de Hostos,Santiago de Chile --  An&#xE9;cdota de cicl&#xF3;n de San Ciriaco, Mayaguez,Puerto Rico-- An&#xE9;cdota del presidente Juan Isidro Jimenes,Santo Domingo -- An&#xE9;cdota del Mariscal de Campo de Santo Domingo -- An&#xE9;cdota del General Ulises Heureaux, Santo Domingo -- An&#xE9;cdota de la influencia de Heureaux,y sociol&#xF3;gia de la Rep&#xFA;blica.                                                                                                                                                                                                                                                                                                                                                                                                                                                                              </subfield>
  </datafield>
  <datafield tag="590" ind1=" " ind2=" ">
    <subfield code="6">Inventariado, 2021/VM</subfield>
  </datafield>
  <datafield tag="600" ind1="1" ind2="4">
    <subfield code="a">Hostos, Eugenio Mar&#xED;a de</subfield>
    <subfield code="d">1839-1903</subfield>
    <subfield code="x">An&#xE9;cdota </subfield>
  </datafield>
  <datafield tag="910" ind1=" " ind2=" ">
    <subfield code="a">VMateo </subfield>
  </datafield>
  <datafield tag="942" ind1=" " ind2=" ">
    <subfield code="2">ddc</subfield>
    <subfield code="c">BK</subfield>
  </datafield>
  <datafield tag="952" ind1=" " ind2=" ">
    <subfield code="0">0</subfield>
    <subfield code="1">0</subfield>
    <subfield code="2">ddc</subfield>
    <subfield code="4">0</subfield>
    <subfield code="7">0</subfield>
    <subfield code="8">CD</subfield>
    <subfield code="a">BPMET</subfield>
    <subfield code="b">BPMET</subfield>
    <subfield code="d">2021-03-03</subfield>
    <subfield code="o">BPHU CD 923.77295 H831H 2000</subfield>
    <subfield code="p">BPMSU21030001</subfield>
    <subfield code="r">2021-03-03</subfield>
    <subfield code="w">2021-03-03</subfield>
    <subfield code="y">BK</subfield>
  </datafield>
  <datafield tag="952" ind1=" " ind2=" ">
    <subfield code="0">0</subfield>
    <subfield code="1">0</subfield>
    <subfield code="2">ddc</subfield>
    <subfield code="4">0</subfield>
    <subfield code="7">0</subfield>
    <subfield code="8">CD</subfield>
    <subfield code="a">BPMET</subfield>
    <subfield code="b">BPMET</subfield>
    <subfield code="d">2021-03-04</subfield>
    <subfield code="o">BPHU CD 923.77295 H831H 2000</subfield>
    <subfield code="p">BPMSU21030002</subfield>
    <subfield code="r">2021-03-04</subfield>
    <subfield code="t">e.2</subfield>
    <subfield code="w">2021-03-04</subfield>
    <subfield code="y">BK</subfield>
  </datafield>
  <datafield tag="952" ind1=" " ind2=" ">
    <subfield code="0">0</subfield>
    <subfield code="1">0</subfield>
    <subfield code="2">ddc</subfield>
    <subfield code="4">0</subfield>
    <subfield code="7">0</subfield>
    <subfield code="8">CD</subfield>
    <subfield code="a">BPMET</subfield>
    <subfield code="b">BPMET</subfield>
    <subfield code="d">2021-03-04</subfield>
    <subfield code="o">BPHU CD 923.77295 H831H 2000</subfield>
    <subfield code="p">BPMSU21030003</subfield>
    <subfield code="r">2021-03-04</subfield>
    <subfield code="t">e.3</subfield>
    <subfield code="w">2021-03-04</subfield>
    <subfield code="y">BK</subfield>
  </datafield>
  <datafield tag="999" ind1=" " ind2=" ">
    <subfield code="c">13383</subfield>
    <subfield code="d">13383</subfield>
  </datafield>
</record>
